Beyblade - Quiz : trouver le blader - Statistiques

Statistiques générales
  • Ce quiz a été pris 261 fois
  • Le résultat moyen est 17 sur 31
Statistiques - réponses
Indice Réponse % Correct
7 a fait un long voyage avec 20 Kenta
90%
20 est le blader le plus fort du monde après 21 Ryuga
88%
6 est le meilleur ami de 7 Gingka
85%
9 est le plus grand rival de 6 Kyoya
84%
10 est le plus grand fan de 9 Benkei
78%
14 est le plus grand rival de 15 Masamune
68%
31 a suivi 6 dans toutes ses aventures Madoka
66%
21 a failli détruire la terre Rago
63%
13 a eu une transformation physique dans l'histoire Toby
63%
8 a arrêter de combattre après avoir perdu contre 20 Hikaru
60%
12 est l'ami d'enfance de 13 et 14 Zeo
60%
1 a perdu contre 6 et 9 Damian
58%
2 et 1 ont été manipulé par 3 Jack
57%
29 est celui qui a réuni les bladers légendaires Yuki
56%
3 est un scientifique Zigurrat
55%
11 est dans la même équipe que 9 et 10 Nile
54%
15 a gagné un tournoi aux Etats-Unis King
53%
17 a possédé le même pouvoir que 20 Tsubasa
53%
30 est l'ami d'enfance de 6 Hyoma
51%
16 est le grand coéquipier de 17 Yu
50%
23 possède une toupie du systéme solaire Aguma
45%
24 a vaincu 14 lors de la finale d'un tournoi Chris
41%
26 est le grand ennemi de 22 et 23 Dashan
39%
28 est le septième blader légendaire trouvé par 29 et les autres Dynamis
38%
19 est le descendant d'Hadès Pluto
38%
5 a la même toupie que 4 Sophie
38%
22 est à 23 ce que 4 est à 5 Bao
37%
18 est le serviteur de 19 Johannes
37%
27 a perdu contre 26 à la cité d'Hadès Julian
35%
4 a gagner un combat en trois secondes Wales
33%
25 est à 16 ce que 7 est à 6 Tithi
25%
Aucun quiz correspondant
Distribution des résultats
% des personnes avec chaque résultat
Percentile par nombre de réponses
Votre historique - résultats
Vous n’avez pas pris ce quiz